COMBUSTION MODEL DEVLOPMENT AND VALIDATION / (Record no. 524611)

000 -LEADER
fixed length control field 00560nam a22001817a 4500
003 - CONTROL NUMBER IDENTIFIER
control field NUST
038 ## - RECORD CONTENT LICENSOR
Staff Name Mr. Zahoor
082 ## - DEWEY DECIMAL CLASSIFICATION NUMBER
Classification number 620.1
100 ## - MAIN ENTRY--PERSONAL NAME
Personal name Umer Bin Abdul Aziz
9 (RLIN) 15415
245 ## - TITLE STATEMENT
Title COMBUSTION MODEL DEVLOPMENT AND VALIDATION /
Statement of responsibility, etc. Umer Bin Abdul Aziz
260 ## - PUBLICATION, DISTRIBUTION, ETC.
Place of publication, distribution, etc. Islamabad :
Name of publisher, distributor, etc. SMME - NUST,
Date of publication, distribution, etc. 2015.
300 ## - PHYSICAL DESCRIPTION
Extent ill, 88 p. ;
500 ## - GENERAL NOTE
General note Hardcover.
600 ## - SUBJECT ADDED ENTRY--PERSONAL NAME
Source of heading or term Mechanical Engineering - MS Thesis
700 ## - ADDED ENTRY--PERSONAL NAME
Personal name Supervisor : Dr Sami ur Rehman shah
9 (RLIN) 119957
856 ## - ELECTRONIC LOCATION AND ACCESS
Uniform Resource Identifier <a href="http://10.250.8.41:8080/xmlui/handle/123456789/12690">http://10.250.8.41:8080/xmlui/handle/123456789/12690</a>
942 ## - ADDED ENTRY ELEMENTS (KOHA)
Source of classification or shelving scheme
Koha item type Thesis
Holdings
Withdrawn status Lost status Source of classification or shelving scheme Damaged status Not for loan Permanent Location Current Location Shelving location Date acquired Full call number Barcode Date last seen Price effective from Koha item type
          Central Library (CL) Central Library (CL) Thesis 06/24/2019 620.1 CL-T-1786 06/24/2019 06/24/2019 Thesis
© 2023 Central Library, National University of Sciences and Technology. All Rights Reserved.